Fitotecnia colombiana / (Registro nro. 20005)

Detalles MARC
000 -CABECERA
Campo de control 00852nas a22002297a 4500
005 - FECHA Y HORA DE LA ULTIMA TRANSACCION
Campo de control 20171128083559.0
008 - ELEMENTOS DE LONGITUD FIJA—INFORMACION GENERAL
Campo de control 171128s2006 ck uu|||r|||| 00| 0 spa d
022 ## - ISSN
ISSN 0123-1286
040 ## - FUENTE DE CATALOGACIÓN
Agencia catalogadora original CO-BoIAVH
Agencia transcriptora CO-BoIAVH
041 0# - IDIOMA
Código de idioma para texto/pista de sonido o título separado Español
044 ## - PAÍS DE PUBLICACIÓN
País de publicación Colombia
090 ## - CLASIFICACIÓN LOCAL
Colección SE
245 00 - MENCION DE TITULO
Título Fitotecnia colombiana /
260 ## - PUBLICACION, DISTRIBUCION, ETC. (PIE DE IMPRENTA)
Lugar de publicación, distribución, etc. Santiago de Cali (Colombia) :
Nombre del editor, distribuidor, etc. Asociación Colombiana de Fitomejoramiento y Producción de Cultivos,
Fecha de publicación, distribución, etc. 2006.
300 ## - DESCRIPCION FISICA
Otros detalles físicos ilustraciones, gráficas y tablas ;
Dimensiones 27 x 22 cm.
310 ## - FRECUENCIA ACTUAL DE LA PUBLICACIÓN
Frecuencia actual de la publicación Desconocido
650 26 - ASIENTO SECUNDARIO DE MATERIA - TERMINO TEMATICO
Término temático o nombre geográfico como elemento de entrada Cultivo
Subdivisión geográfica Colombia
Subdivisión de forma Publicaciones periódicas
9 (RLIN) 87437
650 26 - ASIENTO SECUNDARIO DE MATERIA - TERMINO TEMATICO
Término temático o nombre geográfico como elemento de entrada Productos agrícolas
Subdivisión geográfica Colombia
Subdivisión de forma Publicaciones periódicas
9 (RLIN) 87438
650 26 - ASIENTO SECUNDARIO DE MATERIA - TERMINO TEMATICO
Término temático o nombre geográfico como elemento de entrada Fitogenética
Subdivisión geográfica Colombia
Subdivisión de forma Publicaciones periódicas
9 (RLIN) 87439
710 2# - ASIENTO SECUNDARIO - NOMBRE CORPORATIVO
Nombre corporativo o de jurisdicción como elemento de entrada Asociación Colombiana de Fitomejoramiento y Producción de Cultivos
9 (RLIN) 87440
942 ## - ELEMENTOS ADICIONALES (KOHA)
Sistema de clasificación Local
Tipo de ítem Periodica o revista
Existencias
Withdrawn status Lost status Sistema de Clasificación Damaged status No para préstamo Colección Fecha publicación (Año) Volumen revista Número revista Inventariado Ubicación Permanente Ubicación actual Fecha de adquisición Datos de publicación Seriada Total Checkouts Número topográfico Inventario / Código de Barras Date last seen Ejemplar Price effective from Forma de adquisición Tipo de material
    Local     Hemeroteca 2006 6 2 Inventariado 2017 Bogotá Bogotá 21/03/2007 Vol 6, Nro 2 (01/12/2006)   SE 023977 25/03/2015 Ej. 1 25/03/2015 Canje Periodica o revista
    Local     Hemeroteca 2005 5 2   Bogotá Bogotá 08/06/2018 Vol 5, Nro 2 (01/12/2005)   SE 030135 08/06/2018 Ej. 1 08/06/2018 Donación Periodica o revista
    Local     Hemeroteca 2003 3 2   Bogotá Bogotá 08/06/2018 Vol 3, Nro 2 (01/12/2003)   SE 030136 08/06/2018 Ej. 1 08/06/2018 Donación Periodica o revista